Swahili : vocabulaire aléatoire S3 - Statistiques

Statistiques générales
  • Ce quiz a été pris 34 fois
  • Le résultat moyen est 6 sur 20
Statistiques - réponses
Français Swahili % Correct
le monde, la Terre dunia
100%
voiture gari
100%
précédant, hier jana
100%
noël Krismasi
100%
mourrir kufa
100%
fermer kufunga
100%
partir kuondoka
100%
aider kusaidia
100%
dire kusema
100%
lire kusoma
100%
vrai kweli
100%
journaux magazeti
100%
oeufs mayai
100%
lait maziwa
100%
argent pesa
100%
image picha
100%
policier polisi
100%
question swali
100%
fruit tunda
100%
cour ua
100%
oeuf yai
100%
chien mbwa
75%
tomber kuanguka
67%
porter (un vêtement) kuvaa
67%
thé chai
50%
fenêtre dirisha
50%
film(s) filamu
50%
fleurs maua
50%
invité mgeni
50%
jour siku
50%
invités wageni
50%
devoir zoezi la nyumba
50%
chaise kiti
33%
faire construire kujengesha
33%
arbres miti
33%
merveilleux adjabu
0%
intelligent akili
0%
cousins binamu
0%
repas chakula
0%
plafond dari
0%
ayant -enye
0%
journal gazeti
0%
droits haki
0%
là dedans humu ndani
0%
autre -ingine
0%
ville jiji
0%
cuisine jikoni
0%
collier kidani
0%
livre kitabu
0%
changer kubadili
0%
jouer kucheza
0%
conduire kuendesha
0%
convenir kufaa
0%
réussir kufanikiwa
0%
organiser kufanya
0%
habiter kuishi
0%
mûr kuiva
0%
venir kuja
0%
apprendre kujifunza
0%
connaitre kujua
0%
s'assoire kukaa
0%
manger kula
0%
crier, miauler kulia
0%
verser kumimina
0%
s'appeler kunaitwa
0%
rouge -kundu
0%
acheter kununua
0%
prendre kunywa
0%
avoir pourri kuoza
0%
donner kupa
0%
recevoir kupata
0%
être agréable, plaisant kupendeza
0%
faire cuire kupika
0%
passer kupita
0%
hériter kurisi
0%
célebrer kushezerekea
0%
écouter kusikiliza
0%
défendre kutetea
0%
apprécier kuthamini
0%
faire peur kutisha
0%
sortir kutoka
0%
élever (un enfant) kutunza
0%
poser une question kuuliza
0%
fuir (fuite d'eau) kuvuja
0%
souffler kuvuma
0%
cassé kuvunjwa
0%
pouvoir kuweza
0%
aller kwenda
0%
fenêtre madirisha
0%
vie maisha
0%
avis maoni
0%
table meza
0%
viande miama
0%
montagne mlima
0%
nouveau/nouvelle mpya
0%
arbre mti
0%
examen final mtihani wa mwisho
0%
fleuve, rivière mto
0%
pendant muda
0%
manioc muhogo
0%
adolescent mvulana
0%
année mwaka
0%
fôret mwitu
0%
mariage ndoa
0%
mot neno
0%
vêtement nguo
0%
singes nyani
0%
aucun, n'importe lequel -o -ote
0%
tous/toutes -ote
0%
endroit pahali
0%
chat paka
0%
moto pikipiki
0%
neige theluji
0%
fleur ua
0%
élections uchaguzi
0%
page ukarasa
0%
Europe ulaya
0%
le vent upepo
0%
chaussures viatu
0%
guerre vita
0%
Aucun quiz correspondant
Distribution des résultats
% des personnes avec chaque résultat
Percentile par nombre de réponses
Votre historique - résultats
Vous n’avez pas pris ce quiz